Población y desarrollo local sustentable. Memorias
Guardat en:
| Autor corporatiu: | |
|---|---|
| Format: | Desconegut |
| Publicat: |
Cuenca :
|
| Etiquetes: |
Afegir etiqueta
Sense etiquetes, Sigues el primer a etiquetar aquest registre!
|
MARC
| LEADER | 00000 a2200000 04500 | ||
|---|---|---|---|
| 001 | 18231 | ||
| 003 | |||
| 008 | 991231s d | ||
| 040 | |||
| 090 | |a 142601 | ||
| 110 | |a Universidad de Cuenca. Instituto de Investigaciones Científicas. Departamento de Cultura | ||
| 245 | |a Población y desarrollo local sustentable. Memorias | ||
| 260 | |a Cuenca : | ||
| 300 | |a 184 p.; vol. 3 | ||
| 999 | |c 1720 |d 1720 | ||
